000 01574nam a2200205Ia 4500
003 OSt
005 20250214100707.0
008 210210b1977 xxu||||| |||| 00| 0 eng d
040 _cAL
041 _aKannada
082 _aK894.3 BHAS
100 _aBHARATISUTA.
_dಭಾರತೀಸುತ
_9199592
245 _aShatadru dandege.
_bಶತದ್ರು ದಂಡೆಗೆ
260 _aMadikeri
_bShri Kaveri Prakashana
_c1977
300 _avi,428
520 _a'ಶತದ್ರು ದಂಡೆಗೆ' ಕಾದಂಬರಿ 1947-1948 ರ ಭಾರತ ಸ್ವಾತಂತ್ರ್ಯ ನಂತರದ ದಿನಗಳ ಚಿತ್ರಣ ; ವಿಶೇಷವಾಗಿ ಹಿಂದೂಸ್ತಾನ ಮತ್ತು ಪಾಕಿಸ್ತಾನಗಳ ಉಗಮ ಕಾಲದ ಹಿಂಸಾತ್ಮಕ ಸಂಘರ್ಷವನ್ನು ಈ ಕೃತಿ ಕಟ್ಟಿ ಕೊಡುತ್ತದೆ. ಹಿಂದೂ- ಮುಸ್ಲಿಮ್ ರ ವೈಷಮ್ಯಗಳ ನಡುವೆಯೂ ಮಾನವೀಯ ಮೌಲ್ಯಗಳ ಸೆಲೆ ಬತ್ತಿಲ್ಲ ಎನ್ನುವುದನ್ನು ಅತ್ಯಂತ ಸರಳವಾಗಿ ಸತ್ಯವನ್ನೇ ನಿರೂಪಿಸುತ್ತದೆ. ಐತಿಹಾಸಿಕ ಅಂಶಗಳನ್ನು ಒಳಗೊಂಡಿರುವ ಈ ಕಾದಂಬರಿ ಅಮರಚಂದ ಮತ್ತು ಸ್ವರೂಪರಾಣಿ ಅವರ ಆಕಸ್ಮಿಕ ಭೇಟಿಯಿಂದಲೇ ಆರಂಭವಾಗುತ್ತದೆ.
690 _aKannada Fiction
_9199593
906 _aSG00121
942 _2ddc
_cBK
999 _c111680
_d111680